| 000 | 00678nmm a22002057a 4500 | ||
|---|---|---|---|
| 005 | 20160622135753.0 | ||
| 008 | 150618b xxu||||| |||| 00| 0 spa d | ||
| 041 | _aspa | ||
| 082 | _aDE 106 | ||
| 100 |
_aCampos Sánchez, Yuleisi _911654 |
||
| 245 | _aAnálisis para mejorar el servicio de nuevas asesorías empresariales en la Dirección de Desarrollo a la Comunidad (DECAT) del Colegio Universitario de Cartago | ||
| 260 | _c2015 | ||
| 300 | _a75 páginas | ||
| 650 |
_aCOSTA RICA _911655 |
||
| 650 |
_aDIRECCIÓN DE EMPRESAS _917 |
||
| 650 |
_aDECAT _99811 |
||
| 650 |
_aASESORÍA EMPRESARIAL _911652 |
||
| 650 |
_aCOLEGIO UNIVERSITARIO DE CARTAGO _911656 |
||
| 942 | _cIP | ||
| 999 |
_c8305 _d8305 |
||